000 00469nam a2200181Ia 4500
001 8788
005 20260306160635.0
008 260306t2001||||xx |||||||||||||| ||spa||
041 _aESP
082 _a371.334
_bP77
100 _aPoole, Bernard J.
_eAUT
245 0 _aDocente del siglo XXI:
_bcómo desarrollar una práctica docente competitiva
260 _c2001
300 _a390 páginas :
_c16 cm.
650 _aGEN
654 _aCED
942 _cLIB
_dJUS
_fJUS
_2ddc
_n
999 _c8788
_d8788